000 01087nam a22002537a 4500
001 497
005 20230821122910.0
008 230509b cb ||||| |||| 00| 0 eng d
020 _a9781474922753
040 _aFISKH
_beng
_cFISKH
_dFISKH
082 _a902
100 _aCowan, Laura
245 _a100 things to know about history /
_cwritten by Laura Cowan, Alex Frith, Minna Lacey and Jerome Martin ; illustrated by Federico Mariani and Parko Polo.
246 _aOne hundred things to know about history
260 _aLondon.
_bUsborne Publishing Ltd.
_c2018.
300 _a127 pages :
_c25 cm.
505 _aU
520 _aAn eye-catching information book filled with one hundred interesting facts to learn from history: who really discovered America, who were the kings and queens we hear a lot about on TV, why America invaded Canada, and lots of other random facts to make history a fun subject!
521 _a1020
_bLexile IG
521 _aU
_bRaz-Plus
650 _aWorld History
_vJuvenile Literature
650 _aHistory
_vJuvenile Literature
942 _2ddc
_cBK
_n0
999 _c497
_d497